Act II Macbeth Quotes Quiz Stats

 Plays Quiz not verified by Sporcle

Challenge
Share
Tweet
Embed
Score 0/13 Timer 07:00
0 Plays Today
Hint Spoken By and To % Correct
‘Infirm of purpose! Give me the daggers. The sleeping and the dead Are but as pictures; ’tis the eye of childhood That fears a painted devil. If he do bleed, I’ll gild theLady Macbeth to Macbeth
84.4%
‘Is this a dagger which I see before me, The handle toward my hand? Come, let me clutch thee: I have thee not, and yet I see thee still. Art thou not, fatal vision, sensible TMacbeth to himself
84.1%
Will all Neptune’s ocean wash this blood Clean from my hand? No, this my hand will rather The multitudinous seas incarnadine, Making the green one red.’Macbeth to himself
80.3%
That which hath made them drunk hath made me bold; What hath quench'd them hath given me fire.Lady Macbeth to herself
75.6%
‘These deeds must not be thought After these ways; so, it will make us mad.’Lady Macbeth to Macbeth
75.6%
O gentle lady, 'Tis not for you to hear what I can speak: The repetition, in a woman's ear, Would murder as it fell.Macduff to Lady Macbeth
75.4%
Had I but died an hour before this chance, I had lived a blessed time; for, from this instant, There 's nothing serious in mortality:Macbeth to everyone
64%
Well, may you see things well done there: adieu! Lest our old robes sit easier than our new!’Macduff to Ross
59.9%
The night has been unruly: where we lay, Our chimneys were blown down; and, as they say, Lamentings heard i' the air; strange screams of death, And prophesying with accents terrLennox to Macbeth
59.4%
Is't night's predominance, or the day's shame, That darkness does the face of earth entomb, When living light should kiss it?Ross to Old Man
59.4%
'Gainst nature still! Thriftless ambition, that wilt ravin up Thine own life's means! Then 'tis most like The sovereignty will fall upon Macbeth.Ross to Macduff
56%
There's daggers in men's smiles; the nearer in blood, the nearer bloody.Donaldbaine to Malcom
42%
To show an unfelt sorrow is an office which the false man does easy.Malcom to Donaldbaine
40.6%

You're not logged in!

Compare scores with friends on all Sporcle quizzes.
Join for Free
OR
Log In

You Might Also Like...

Show Comments

Extras

Top Quizzes Today


Score Distribution

Your Account Isn't Verified!

In order to create a playlist on Sporcle, you need to verify the email address you used during registration. Go to your Sporcle Settings to finish the process.

Report this User

Report this user for behavior that violates our Community Guidelines.

Details: